Come sono nate le nazioni - Statistics

Statistiche generali
  • Questo quiz è stato fatto 76 volte
  • Il punteggio medio è 12 su 15
Statistiche sulle risposte
STORIA NAZIONE % Corretto
Viene incoronato come re Clodoveo che riunisce tutte le tribù della Gallia Francia
98%
Grazie al Mahatma Gandhi, si raggiunge un'indipendenza pressoché pacifica India
98%
13 colonie dichiarano l'indipendenza dal Regno Unito Usa/Stati Uniti
98%
Qin Shi Huang conquista gli stati in guerra per stabilire la prima dinastia imperiale Cina
97%
Due regni uniti dal matrimonio tra Ferdinando e Isabella Spagna
94%
Nel 1307 vi è l'unione tra i cantoni di Uri, Schwiz and Unterwalden Svizzera
92%
I separatisti dichiarano l'indipendenza dalla Colombia dopo che quest'ultima si rifiuta di ratificare un trattato con gli Stati Uniti per la costruzione di un famoso canale Panama
89%
Si separa dalla Jugoslavia scampando alle guerriglie fratricide degli anni '90 Slovenia
89%
Ingólfr Arnarson arriva in quest'isola nell'874 Islanda
81%
La prima flotta sbarca a Botany Bay con 1000 detenuti Australia
73%
Un santo fonda un monastero sul monte Titano nel 301 San Marino
73%
Schiavi neri liberati dagli Usa fondano una democrazia in Africa Liberia
71%
Dom Pedro dichiara l'indipendenza separando la nazione da un vecchio impero Brasile
70%
Il governo nazionale fugge su un'isola, stabilendo una "capitale temporanea" nel 1949 Taiwan
63%
Nel 1960 la parte amministrata dall'Italia si congiunge a quella inglese Somalia
62%
Nessun quiz corrispondente trovato
Distribuzione punteggi
Percentuale di utenti per punteggio
Percentile per numero di risposta
I tuoi punteggi nel tempo
Non hai fatto questo quiz